Jujutsu Kaisen Characters A-Z - Statistics

General Stats
  • This quiz has been taken 212 times
  • The average score is 11 of 19
Answer Stats
Hint Answer % Correct
Y Yuji/Yuki/Yuta/Yuka/Yoshinobu/Yorozu/Yuko
94%
M Masamichi/Mai/Maki/Megumi/Maru/Momo/Mei-Mei/Mahito/Miguel/Mimiko
92%
S Suguru/Satoru/Shoko/Sukuna/Shino/Sadatsuna/Shokinji/Setsuko
85%
N Nobara/Noritoshi/Naoya/Naobito/Nobuaki/Nanako
78%
K Kenjaku/Kechizu/Kirara/Kinji/Kokichi/Kasumi/Kento/Kiyotaka/Kurourushi/Kogane/Kaori
75%
C Choso/Cross/Chojuro/Charles/Chizuru
74%
T Toge/Toji/Tengen/Tsurugi/Takuma/Takako/Takeshi
72%
A Aoi/Atsuya/Akari/Angel
69%
H Hanami/Hajime/Hiromi/Hana/Hagane/Hanyu/Haba
68%
J Jabaloma/Jogo/Junpei/Jinichi/Jin
67%
D Dabura/Dura/Dagon/Dhruv
60%
U Utahime/Ui-Ui/Uraume
60%
R Ranta/Rika/Riko/Ryu/Reggie/Rokujushi/Rin/Remi
56%
P Panda
54%
E Eso
28%
O Ogi
21%
W Wasuke
17%
F Fumihiko
16%
I Iori
13%
No matching quizzes found
Score Distribution
Percent of People with Each Score
Percentile by Number Answered
Your Score History
You have not taken this quiz